Movies Quiz

Random Movies or Actress Quiz

What Movie? Actor Pairings in Only Three Movies Quiz Stats

 Plays Quiz Updated Feb 1, 2018

Challenge
Share
Tweet
Embed
Score 0/36 Timer 07:00
2 Plays Today
Actors Movies % Correct
Adam Sandler & Drew Barrymore50 First Dates
82.4%
Tom Cruise & Nicole KidmanEyes Wide Shut
76.9%
Adam Sandler & Drew BarrymoreThe Wedding Singer
75.9%
Tom Hanks & Gary SiniseForrest Gump
75.8%
Al Pacino & Robert De NiroThe Godfather: Part II
75.5%
Chris Farley & David SpadeTommy Boy
67%
Al Pacino & Robert De NiroHeat
66.2%
Ally Sheedy & Judd NelsonThe Breakfast Club
65.7%
John Cusack & John MalkovichBeing John Malkovich
65.2%
Bruce Willis & Samuel L. JacksonPulp Fiction
63.2%
Tommy Lee Jones & Josh BrolinNo Country for Old Men
61.4%
Tom Cruise & Nicole KidmanDays of Thunder
60.6%
Paul Rudd & Leslie MannThis is 40
57.7%
Bruce Willis & Samuel L. JacksonDie Hard: With a Vengeance
57.3%
Paul Rudd & Leslie MannKnocked Up
56.2%
Chris Farley & David SpadeBlack Sheep
49.2%
Tom Hanks & Gary SiniseApollo 13
49.2%
Bruce Willis & Samuel L. JacksonUnbreakable
48.9%
Actors Movies % Correct
Tom Cruise & Nicole KidmanFar and Away
45.9%
Tommy Lee Jones & Josh BrolinMen in Black 3
39.1%
Paul Rudd & Leslie MannThe 40 Year Old Virgin
37.2%
Ally Sheedy & Judd NelsonSt. Elmo's Fire
36.5%
Jude Law & Gwyneth PaltrowThe Talented Mr. Ripley
36.2%
John Cusack & John MalkovichCon Air
32.3%
Adam Sandler & Drew BarrymoreBlended
32.1%
Philip Seymour Hoffman & Amy AdamsDoubt
28.2%
Philip Seymour Hoffman & Amy AdamsThe Master
22.5%
Tom Hanks & Gary SiniseThe Green Mile
17.7%
Chris Farley & David SpadeConeheads
14.1%
Al Pacino & Robert De NiroRighteous Kill
14%
Jude Law & Gwyneth PaltrowSky Captain and the World of Tomorrow
10.4%
Philip Seymour Hoffman & Amy AdamsCharlie Wilson's War
9.1%
Jude Law & Gwyneth PaltrowContagion
7.1%
Tommy Lee Jones & Josh BrolinIn the Valley of Elah
6.4%
Ally Sheedy & Judd NelsonBlue City
2.4%
John Cusack & John MalkovichShadows and Fog
2.3%

You're not logged in!

Compare scores with friends on all Sporcle quizzes.
OR
Log In

You Might Also Like...

Show Comments

Extras

Top Quizzes Today


Score Distribution

Your Account Isn't Verified!

In order to create a playlist on Sporcle, you need to verify the email address you used during registration. Go to your Sporcle Settings to finish the process.

Report this User

Report this user for behavior that violates our Community Guidelines.

Details: